Interný predpis pre vedenie účtovníctva

Prehľad právnych predpisov pre účtovníctvo. Interná smernica pre účtovníctvo. Rozpracovanie jednotlivých častí internej smernice. Použitie výpočtovej techniky. Účtovný rozvrh, zoznam účtovných kníh. Obeh a overovanie účtovných dokladov. Archivácia účtovných dokladov. Spôsoby evidencie a oceňovanie m...

Ausführliche Beschreibung

Gespeichert in:
Bibliographische Detailangaben
1. Verfasser: Vladárová, Marta
Format: Buchkapitel
Sprache:Slowakisch
Schlagworte:
Tags: Tag hinzufügen
Keine Tags, Fügen Sie das erste Tag hinzu!

MARC

LEADER 00000naa a2200000 4500
001 r038982
005 20230926083211.8
041 0 |a slo 
044 |a SK 
245 1 0 |a Interný predpis pre vedenie účtovníctva  |c Marta Vladárová 
520 |a Prehľad právnych predpisov pre účtovníctvo. Interná smernica pre účtovníctvo. Rozpracovanie jednotlivých častí internej smernice. Použitie výpočtovej techniky. Účtovný rozvrh, zoznam účtovných kníh. Obeh a overovanie účtovných dokladov. Archivácia účtovných dokladov. Spôsoby evidencie a oceňovanie majetku. Účtovanie hmotného a nehmotného majetku. Inventarizácia. Odpisy. Časové rozlíšenie. Tvorba a použitie rezerv. Zásoby. Účtovanie zákazkovej výroby. Oceňovanie. Účtovanie sociálneho fondu. Účtovanie leasingu. Závierka účtovná. 
610 2 0 |a účtovníctvo 
610 2 0 |a predpisy právne 
610 2 0 |a smernice 
610 2 0 |a jednotka účtovná 
100 1 |a Vladárová, Marta